000 02499nam a2200325Ia 4500
001 107188
003 DR-UNIBE
005 20250313091051.0
007 cr nn 008mamaa
008 200806b2018 mx |||||s|||| 00| 0 spa d
020 _a9781456260941
020 _a9781456261658 (electrónico)
040 _aBIBLIOTECA UNIBE
_cBIBLIOTECA UNIBE
041 _aspa
100 _aÇengel, Yunus A.
_eautor
_916599
100 _aCimbala, John M.
_eautor
_9159398
245 _aMecánica de fluidos : fundamentos y aplicaciones
250 _aCuarta edición
260 _aCiudad de México :
_bMcGraw-Hill Interamericana,
_c2018
300 _axxi, 996 páginas :
_bilustraciones
500 _aRecurso en línea: Disponible para miembros de UNIBE a través del portal web del CRAI: https://www.unibe.edu.do/biblioteca/libros-electronicos/
505 _a 1. Introducción y conceptos básicos | 2. Propiedades de los fluidos | 3. Presión y estática de fluidos | 4. Cinemática de fluidos | 5. Ecuaciones de Bernoulli y de la energía | 6. Análisis de la cantidad de movimiento de los sistemas de flujo | 7. Análisis dimensional y modelado 8. Flujo en tuberías | 9. Análisis diferencial de flujo de fluidos | 10. Soluciones aproximadas de la ecuación de Navier-Stokes | 11. Flujo externo: arrastre y sustentación | 12. Flujo compresible | 13. Flujo en canal abierto | 14. Turbomaquinária | 15. Introducción a la dinámica de fluidos computacional |
520 _aLa mecánica de fluidos es un tema atractivo y fascinante, con aplicaciones prácticas ilimitadas, que van desde los sistemas biológicos microscópicos hasta los automóviles, los aviones y la propulsión de naves espaciales. La mecánica de fluidos también ha sido históricamente una de las asignaturas más desafiantes para los estudiantes de licenciatura, porque el análisis adecuado de los problemas de mecánica de fluidos no sólo requiere el conocimiento de los conceptos, sino también experiencia e intuición física. Nuestra intención es que este libro, mediante sus cuidadosas explicaciones de los conceptos y su manejo de ejemplos prácticos, esquemas, figuras y fotografías, salve la brecha entre el conocimiento y su aplicación adecuada.
650 _a Mecánica de fluidos
_9171127
650 _aFísica
_9171128
650 _aCinemática
_9171129
655 _aRecurso electrónico
_942681
856 _uhttps://ezproxy.unibe.edu.do:2069/?il=7013
942 _cEB
_2ddc
999 _c107188
_d107188